Catalog

Record Details

Catalog Search



You can make a friend, pout-pout fish!  Cover Image Book Book

You can make a friend, pout-pout fish! / Deborah Diesen ; pictures by Isidre Monš, based on illustrations created by Dan Hanna for the New York Times-bestselling Pout-Pout Fish books.

Diesen, Deborah, (author.). Mones, Isidre, (illustrator.). Hanna, Dan, (illustrator.).

Summary:

Mr. Fish is feeling down in the dumps--he does not have a friend at school to play with. How can he make a friend? What should he do? With the help of some undersea creatures, Mr. Fish realizes that maybe making friends isn't so scary.

Record details

  • ISBN: 9781250064288
  • ISBN: 1250064287
  • Physical Description: 1 volume (unpaged) : color illustrations ; 24 cm.
  • Edition: First edition.
  • Publisher: New York : Farrar Straus Giroux, 2018.

Content descriptions

General Note:
"Pictures based on illustrations created by Dan Hanna"--Cover.
Subject: Fishes > Juvenile fiction.
Marine animals > Juvenile fiction.
Friendship > Juvenile fiction.
Genre: Stories in rhyme.

Available copies

  • 1 of 1 copy available at scottsboropl.

Holds

  • 0 current holds with 1 total copy.
Show Only Available Copies
Location Call Number / Copy Notes Barcode Shelving Location Status Due Date
scottsboropl BR Die 32269001140337 Juvenile - Beginning Reader Available -

LDR 01939nam a2200421 i 4500
001152972
003CONS
00520191212134416.0
008170929s2018 nyua j 000 1 eng d
010 . ‡a 2017956503
020 . ‡a9781250064288 ‡q(paperback)
020 . ‡a1250064287 ‡q(paperback)
035 . ‡a(CPomAG)LMN615145
042 . ‡alccopycat
05000. ‡aPZ8.3.D565 ‡bYo 2018
08204. ‡a[E] ‡223
1001 . ‡aDiesen, Deborah, ‡eauthor.
24510. ‡aYou can make a friend, pout-pout fish! / ‡cDeborah Diesen ; pictures by Isidre Monš, based on illustrations created by Dan Hanna for the New York Times-bestselling Pout-Pout Fish books.
250 . ‡aFirst edition.
264 1. ‡aNew York : ‡bFarrar Straus Giroux, ‡c2018.
300 . ‡a1 volume (unpaged) : ‡bcolor illustrations ; ‡c24 cm.
336 . ‡atext ‡btxt ‡2rdacontent
336 . ‡astill image ‡bsti ‡2rdacontent
337 . ‡aunmediated ‡bn ‡2rdamedia
338 . ‡avolume ‡bnc ‡2rdacarrier
4901 . ‡aPout-pout fish reader. Level 1
500 . ‡a"Pictures based on illustrations created by Dan Hanna"--Cover.
520 . ‡aMr. Fish is feeling down in the dumps--he does not have a friend at school to play with. How can he make a friend? What should he do? With the help of some undersea creatures, Mr. Fish realizes that maybe making friends isn't so scary.
650 0. ‡aFishes ‡vJuvenile fiction.
650 0. ‡aMarine animals ‡vJuvenile fiction.
650 0. ‡aFriendship ‡vJuvenile fiction.
655 7. ‡aStories in rhyme. ‡2lcgft
7001 . ‡aMones, Isidre, ‡eillustrator.
7001 . ‡aHanna, Dan, ‡eillustrator.
8001 . ‡aDiesen, Deborah. ‡tPout-pout fish reader. ‡nLevel 1.
914 . ‡aSCP_LP
959 . ‡i32269001140337 ‡lBR Die ‡aJuvenile - Beginning Reader ‡tPaperback ‡g15.00
852 . ‡p32269001140337 ‡jBR Die ‡gJuvenile - Beginning Reader ‡cPaperback ‡y15.00 ‡bSBPL
901 . ‡a152972 ‡bUnknown ‡c152972 ‡tbiblio

Additional Resources